| 000 | 00949nam a2200217 a 4500 | ||
|---|---|---|---|
| 005 | 20191217042632.0 | ||
| 008 | 161123s2011 ck ao|||r|||| 00| 0 spa d | ||
| 040 |
_aCO-BoIAVH _cCO-BoIAVH |
||
| 041 | 0 | _aspa | |
| 044 | _ack | ||
| 090 |
_aFG- _b0096 |
||
| 100 | 1 |
_aGiraldo, Giovanny _eautor |
|
| 245 | 1 | 4 |
_aLas orquídeas de Santa María (Boyacá, Colombia) / _cGiovanny Giraldo y Julio Bertancur |
| 260 |
_aBogotá, Colombia : _bInstituto de Ciencias Naturales, Universidad Nacional de Colombia, _c2011. |
||
| 300 |
_a1 folleto plegable : _bilustraciones a color y fotografías a color ; _c21 x 10 cm. |
||
| 490 | 0 |
_aSerie miniguías de campo del Instituto de Ciencias Naturales ; _vNo. 13 |
|
| 650 | 2 | 4 |
_aOrquídeas _xtaxonomía _zSanta María (Boyacá, Colombia) _vGuías |
| 650 | 2 | 4 |
_aOrquídeas _xidentificación _zSanta María (Boyacá, Colombia) _vGuías |
| 700 | 1 |
_aBetancur, Julio _eautor |
|
| 942 |
_2z _cFolleto |
||
| 999 |
_c19134 _d19134 |
||